000 00522nam a2200181Ia 4500
008 151018s9999 xx 000 0 und d
082 _bRBASDV63699
_a891.463
100 _aविमल वाणी
245 _aन्याय
250 _b1
260 _b"मित्र समाज प्रकाशन, गोवा"
_c2013
300 _a160
600 _aविमल वाणी
630 _aन्याय
700 _aविमल वाणी
730 _aन्याय
942 _cBOOK
999 _c1056041
_d1056038